<?xml version="1.0" encoding="UTF-8"?>
<collection xmlns:xsi="http://www.w3.org/2001/XMLSchema-instance" xsi:schemaLocation="http://www.loc.gov/MARC21/slim http://www.loc.gov/standards/marcxml/schema/MARC21slim.xsd" xmlns="http://www.loc.gov/MARC21/slim">
 <record>
  <leader>00000cgc a22000004a 4500</leader>
  <controlfield tag="001">UP-99796217609483851</controlfield>
  <controlfield tag="003">Buklod</controlfield>
  <controlfield tag="005">20100930115018.0</controlfield>
  <controlfield tag="006">m     o  j        </controlfield>
  <controlfield tag="007">ta</controlfield>
  <controlfield tag="008">100930s2002    xx     d||| |     ||   ||</controlfield>
  <datafield tag="035" ind1=" " ind2=" ">
   <subfield code="a">(iLib)UPD-00137600894</subfield>
  </datafield>
  <datafield tag="040" ind1=" " ind2=" ">
   <subfield code="a">RCS</subfield>
   <subfield code="d">DML</subfield>
  </datafield>
  <datafield tag="041" ind1=" " ind2=" ">
   <subfield code="a">eng</subfield>
  </datafield>
  <datafield tag="042" ind1=" " ind2=" ">
   <subfield code="a">DMLUC</subfield>
  </datafield>
  <datafield tag="090" ind1=" " ind2="0">
   <subfield code="a">VDR-1300</subfield>
  </datafield>
  <datafield tag="245" ind1="0" ind2="0">
   <subfield code="a">Working girl</subfield>
   <subfield code="h">[videorecording]</subfield>
   <subfield code="c">Twentieth Century Fox presents ; a Mike Nichols film ; produced by Douglas Wick ; directed by Michael Nichols.</subfield>
  </datafield>
  <datafield tag="264" ind1=" " ind2="1">
   <subfield code="a">[Los Angeles, Calif.]</subfield>
   <subfield code="b">Twentieth Century Fox Home Entertainment</subfield>
   <subfield code="c">c2002.</subfield>
  </datafield>
  <datafield tag="300" ind1=" " ind2=" ">
   <subfield code="a">1 videocassette (115 min.)</subfield>
   <subfield code="b">sd., col.</subfield>
  </datafield>
  <datafield tag="500" ind1=" " ind2=" ">
   <subfield code="a">Originally released as a motion picture in 1988.</subfield>
  </datafield>
  <datafield tag="500" ind1=" " ind2=" ">
   <subfield code="a">&quot;Exclusively distributed in the Philippines by Viva Home Entertainment&quot;--Container.</subfield>
  </datafield>
  <datafield tag="500" ind1=" " ind2=" ">
   <subfield code="a">Summary from the cover.</subfield>
  </datafield>
  <datafield tag="508" ind1=" " ind2=" ">
   <subfield code="a">Writer, Kevin Wade ; music, Carly Simon ; editor, Sam O'Steen.</subfield>
  </datafield>
  <datafield tag="511" ind1="1" ind2=" ">
   <subfield code="a">Harrison Ford, Sigourney Weaver, Melanie Griffith.</subfield>
  </datafield>
  <datafield tag="520" ind1=" " ind2=" ">
   <subfield code="a">Beauty.Brains.Charm.  Tess Mcgill has them all.  In fact she's got everything going for her except the right haircut, the right clothes and most importantly, the right job.  Ambushed one too many times in her struggleto get out of the Wall Street secretarial pool and onto management trcak.  Tess decides to take  matters into her own hands.  When her classy, seductive and treacherous boss breaks a leg skiing, Tess steps, literally into her boss's shoes-as well as her apartment, her corner office and her</subfield>
   <subfield code="6">000 dresses.  Suitably disguised, Tess forms an alliance with a capable and very attractive Wall Street investment banker.  Together, they create a deal that could catapult Tess into the big time or finish her off for good.</subfield>
  </datafield>
  <datafield tag="538" ind1=" " ind2=" ">
   <subfield code="a">VHS ; Dolby digital.</subfield>
  </datafield>
  <datafield tag="591" ind1=" " ind2=" ">
   <subfield code="a">Donated by Prof. Amor Olaguer-Aljibe.</subfield>
  </datafield>
  <datafield tag="650" ind1="1" ind2="0">
   <subfield code="a">Man-woman relationships</subfield>
   <subfield code="v">Drama.</subfield>
  </datafield>
  <datafield tag="650" ind1=" " ind2="0">
   <subfield code="a">Feature films.</subfield>
  </datafield>
  <datafield tag="650" ind1=" " ind2="0">
   <subfield code="a">Comedy films.</subfield>
  </datafield>
  <datafield tag="651" ind1=" " ind2="0">
   <subfield code="a">Wall Street (New York, N.Y.)</subfield>
   <subfield code="v">Drama.</subfield>
  </datafield>
  <datafield tag="700" ind1="1" ind2=" ">
   <subfield code="a">Nichols, Mike.</subfield>
  </datafield>
  <datafield tag="700" ind1="1" ind2=" ">
   <subfield code="a">Wade, Kevin.</subfield>
  </datafield>
  <datafield tag="700" ind1="1" ind2=" ">
   <subfield code="a">Griffith, Melanie</subfield>
   <subfield code="d">1957-.</subfield>
  </datafield>
  <datafield tag="700" ind1="1" ind2=" ">
   <subfield code="a">Weaver, Sigourney</subfield>
   <subfield code="d">1949-.</subfield>
  </datafield>
  <datafield tag="700" ind1="1" ind2=" ">
   <subfield code="a">Ford, Harrison</subfield>
   <subfield code="d">1942-.</subfield>
  </datafield>
  <datafield tag="700" ind1="1" ind2=" ">
   <subfield code="a">Simon, Carly.</subfield>
  </datafield>
  <datafield tag="710" ind1="2" ind2=" ">
   <subfield code="a">Twentieth Century-Fox Film Corporation.</subfield>
  </datafield>
  <datafield tag="710" ind1="2" ind2=" ">
   <subfield code="a">Twentieth Century Fox Home Entertainment, Inc.</subfield>
  </datafield>
  <datafield tag="905" ind1=" " ind2=" ">
   <subfield code="a">FO</subfield>
  </datafield>
  <datafield tag="852" ind1="0" ind2=" ">
   <subfield code="a">UPD</subfield>
   <subfield code="b">DMLR</subfield>
   <subfield code="h">VDR-1300</subfield>
  </datafield>
  <datafield tag="942" ind1=" " ind2=" ">
   <subfield code="a">Visual Material</subfield>
  </datafield>
 </record>
</collection>
